Kagurabachi - Enchanted Blades by Picture - Statistics

General Stats
  • This quiz has been taken 28 times
  • The average score is 4 of 5
Answer Stats
Picture Answer % Correct
Enten
96%
Kuregumo
96%
Magatsumi
76%
Kumeyuri
68%
Tobimune
64%
No matching quizzes found
Score Distribution
Percent of People with Each Score
Percentile by Number Answered
Your Score History
You have not taken this quiz